000 01098nam a2200265Ia 4500
003 OSt
005 20220930190029.0
006 a|||||r|||| 00| 0
007 ta
008 220926b |||||||| |||| 00| 0 mar d
020 _c75
024 _a92509
037 _b530, 19/03/2009, Vani Prakashan
_cTextbook
040 _aCRL
_cCRL
_bmar
041 _2mar
_amar
082 _aO155,3M64w, 152M3
100 _aजोशी, रामचन्द्र भिकाजी
245 0 _aहरि नारायण आपटे
246 _aPurānī dharatī kā beṭā: mangoliyā ke kālajayī lekhak nātsgadorla kī rachanāeॅan
260 _aनई दिल्ली,
_bसाहित्य अकादमी, भारत
_c1983
300 _a80पृ0
_ccm.
700 _a द्विवेदी, सदाशिव, अनु.
942 _hO155,3M64w, 152M3
_cTB
_2CC
999 _c891484
_d891484